<?xml version="1.0" encoding="UTF-8" ?>
<collection xmlns="http://www.loc.gov/MARC21/slim"><record><leader>01213nam a2200277   4500</leader><controlfield tag="001">231162</controlfield><controlfield tag="003">CH-000273-5</controlfield><controlfield tag="005">20250901150117.0</controlfield><datafield tag="020" ind1=" " ind2=" "><subfield code="a">978-3-7757-5968-7</subfield></datafield><datafield tag="040" ind1=" " ind2=" "><subfield code="a">CH-000273-5</subfield><subfield code="b">ger</subfield><subfield code="e">rda</subfield></datafield><datafield tag="041" ind1="0" ind2=" "><subfield code="a">ger</subfield></datafield><datafield tag="245" ind1="0" ind2="0"><subfield code="a">Rendezvous der Träume</subfield><subfield code="b">Surrealismus und deutsche Romantik</subfield><subfield code="c">herausgegeben von Annabelle Görgen-Lammers ; mit Beiträgen von Will Atkin [und 25 weiteren] ; Hamburger Kunsthalle</subfield></datafield><datafield tag="264" ind1=" " ind2="1"><subfield code="a">Berlin</subfield><subfield code="b">Hatje Cantz</subfield><subfield code="c">[2025]</subfield></datafield><datafield tag="300" ind1=" " ind2=" "><subfield code="a">344 Seiten</subfield><subfield code="b">Illustrationen</subfield><subfield code="c">33 cm</subfield></datafield><datafield tag="336" ind1=" " ind2=" "><subfield code="a">Text</subfield><subfield code="b">txt</subfield><subfield code="2">rdacontent</subfield></datafield><datafield tag="336" ind1=" " ind2=" "><subfield code="a">unbewegtes Bild</subfield><subfield code="b">sti</subfield><subfield code="2">rdacontent</subfield></datafield><datafield tag="337" ind1=" " ind2=" "><subfield code="a">ohne Hilfsmittel zu benutzen</subfield><subfield code="b">n</subfield><subfield code="2">rdamedia</subfield></datafield><datafield tag="338" ind1=" " ind2=" "><subfield code="a">Band</subfield><subfield code="b">nc</subfield><subfield code="2">rdacarrier</subfield></datafield><datafield tag="650" ind1=" " ind2="7"><subfield code="a">Romantik</subfield><subfield code="x">Malerei</subfield><subfield code="x">Surrealismus</subfield><subfield code="g">Rezeption</subfield><subfield code="x">Malerei</subfield><subfield code="x">Zeichnung</subfield><subfield code="x">Zeichnung</subfield><subfield code="y">Geschichte 1800-1970</subfield><subfield code="2">gnd</subfield></datafield><datafield tag="651" ind1=" " ind2="7"><subfield code="a">Deutschland</subfield><subfield code="x">Malerei</subfield><subfield code="y">Geschichte 1800-1970</subfield><subfield code="2">gnd</subfield></datafield><datafield tag="655" ind1=" " ind2="7"><subfield code="a">Ausstellungskatalog</subfield><subfield code="x">Hamburger Kunsthalle</subfield><subfield code="y">13.06.2025-12.10.2025</subfield><subfield code="z">Hamburg</subfield><subfield code="2">gnd-content</subfield></datafield><datafield tag="655" ind1=" " ind2="7"><subfield code="a">Bildband</subfield><subfield code="2">gnd-content</subfield></datafield><datafield tag="700" ind1="1" ind2=" "><subfield code="a">Görgen-Lammers, Annabelle</subfield><subfield code="d">1969-</subfield><subfield code="e">Herausgeber</subfield><subfield code="4">edt</subfield><subfield code="e">Verfasser</subfield><subfield code="4">aut</subfield></datafield><datafield tag="700" ind1="1" ind2=" "><subfield code="a">Atkin, Will</subfield><subfield code="d">1991-</subfield><subfield code="e">Verfasser</subfield><subfield code="4">aut</subfield></datafield><datafield tag="710" ind1="2" ind2=" "><subfield code="a">Hamburger Kunsthalle</subfield><subfield code="e">Veranstalter</subfield><subfield code="4">orm</subfield></datafield><datafield tag="852" ind1="4" ind2=" "><subfield code="a">CH-000273-5</subfield><subfield code="c">D 2025/0173</subfield></datafield></record></collection>